000 00379pam a2200157a 44500
008 230515b1996 xxu||||| |||| 00| 0 eng d
020 _aNULL
041 _aENGL
082 _a330 DES
100 _a"DESAI S.M.,"
245 _aGRAMIN ARTHSHASTRA (MARATHI)
250 _a0
260 _aPUNE
_bNIRALI PRAKASHAN
_c1996
300 _aNULL
650 _a"ECONOMICS,RURAL ECONOMICS"
999 _c536558
_d536558